Decreto 451/1994, de 15 de noviembre, por el que se crea el Consejo Andaluz de Formación Profesional / (Record no. 6674)

MARC details
000 -LEADER
campo de control de longitud fija 01202nam a2200325Ia 4500
001 - NÚMERO DE CONTROL
campo de control 004087
008 - DATOS DE LONGITUD FIJA--INFORMACIÓN GENERAL
campo de control de longitud fija 221003s1998 xx 000 0 spa d
035 ## - NÚMERO DE CONTROL DEL SISTEMA
Número de control de sistema CENDO_6675
041 ## - CÓDIGO DE IDIOMA
Código de lengua del texto/banda sonora o título independiente spa
084 ## - OTRO NÚMERO DE CLASIFICACIÓN
Número de clasificación FM-00006-00003
245 #0 - MENCIÓN DEL TÍTULO
Título Decreto 451/1994, de 15 de noviembre, por el que se crea el Consejo Andaluz de Formación Profesional /
Mención de responsabilidad, etc. material elaborado por Joan Estarás Fernández con la colaboración de Esperanza Quesada Jiménez [y la Secretaría Confedral de Formación y Cultura de CC.OO.]
260 ## - PUBLICACIÓN, DISTRIBUCIÓN, ETC.
Lugar de publicación, distribución, etc. [S.l. :
Nombre del editor, distribuidor, etc. s.n.],
Fecha de publicación, distribución, etc. 1998
300 ## - DESCRIPCIÓN FÍSICA
Extensión 20 p. ;
Dimensiones 30 cm
490 ## - MENCIÓN DE SERIE
Mención de serie Decretos de Consejos de Formación Profesional ;
Designación de volumen o secuencia 2
650 ## - PUNTO DE ACCESO ADICIONAL DE MATERIA--TÉRMINO DE MATERIA
Término de materia o nombre geográfico como elemento de entrada FORMACION PROFESIONAL
9 (RLIN) 148
650 ## - PUNTO DE ACCESO ADICIONAL DE MATERIA--TÉRMINO DE MATERIA
Término de materia o nombre geográfico como elemento de entrada LEGISLACION
9 (RLIN) 111
650 ## - PUNTO DE ACCESO ADICIONAL DE MATERIA--TÉRMINO DE MATERIA
Término de materia o nombre geográfico como elemento de entrada ESPAÑA
9 (RLIN) 9
650 ## - PUNTO DE ACCESO ADICIONAL DE MATERIA--TÉRMINO DE MATERIA
Término de materia o nombre geográfico como elemento de entrada ANDALUCIA
9 (RLIN) 516
700 ## - ENTRADA AGREGADA--NOMBRE PERSONAL
Nombre de persona ESTARAS FERNANDEZ, Joan,
Término indicativo de función/relación comp.
9 (RLIN) 6768
700 ## - ENTRADA AGREGADA--NOMBRE PERSONAL
Nombre de persona QUESADA JIMENEZ, Esperanza,
Término indicativo de función/relación comp.
9 (RLIN) 6769
710 ## - ENTRADA AGREGADA--NOMBRE DE ENTIDAD CORPORATIVA
Nombre de entidad corporativa o nombre de jurisdicción como elemento de entrada ANDALUCIA
Unidad subordinada Consejo de Formación Profesional
9 (RLIN) 6770
710 ## - ENTRADA AGREGADA--NOMBRE DE ENTIDAD CORPORATIVA
Nombre de entidad corporativa o nombre de jurisdicción como elemento de entrada CCOO
Unidad subordinada Confederación Sindical
-- Secretaría de Formación y Cultura
9 (RLIN) 322
901 ## - ELEMENTOS DE DATOS A LOCAL LDA (RLIN)
a 0
903 ## - ELEMENTOS DE DATOS C LOCAL, LDC (RLIN)
a NO
904 ## - ELEMENTOS DE DATOS D LOCAL, LDD (RLIN)
a 000
953 ## -
-- 2000-11-27
-- DOCUMENTO
-- FM-00006-00003
910 ## - DATOS DE OPCIÓN DEL USUARIO (OCLC)
Datos de opción del usuario 1998
942 ## - ELEMENTOS DE ENTRADA SECUNDARIOS (KOHA)
Tipo de ítem Koha Documento
Holdings
Estatus retirado Estado de pérdida Estado de daño No para préstamo Biblioteca de origen Biblioteca actual Fecha de adquisición Total de préstamos Signatura topográfica completa Código de barras Visto por última vez Precio de reemplazo Tipo de ítem Koha
        CENDO CENDO 27/11/2000   FM-00006-00003 CENDO_6675 05/10/2022 05/10/2022 Documento